Panorama de la filosofía iberoamericana actual

Uloženo v:
Podrobná bibliografie
Hlavní autor: Villegas, Abelardo (Autor)
Médium: Kniha
Jazyk:španělština
Vydáno: Buenos Aires Universitaria 1963
Edice:Biblioteca de América. Libros del Tiempo Nuevo
Témata:
Tagy: Přidat tag
Žádné tagy, Buďte první, kdo vytvoří štítek k tomuto záznamu!

MARC

LEADER 00000nam a2200000 a 4500
001 UCI5328
003 CL-VaPUC
008 080320e19630000AG |||||||||||||||||spa|d
082 0 4 |a 109  |b VIL  |2 21 
100 0 |a Villegas, Abelardo  |e author  |9 527636 
245 1 0 |a Panorama de la filosofía iberoamericana actual 
300 |a 111 p 
942 |c BK 
945 |d 20080320 00:00:00  |a jtorresc 
260 |a Buenos Aires  |b Universitaria  |c 1963 
650 0 |a Historia de la filosofía  |9 256920 
650 0 |a Positivismo  |9 269460 
650 0 |a Empirismo  |9 255037 
650 7 |a FILOSOFIA IBEROAMERICANA  |2 CL-VaPUC  |9 460119 
650 0 |a Escuelas filosóficas   |9 266232 
583 |a last modification  |c 20080320 00:00:00  |k Rodrigo Vera 
490 0 |a Biblioteca de América. Libros del Tiempo Nuevo 
999 |c 329081  |d 329079 
952 |0 0  |1 0  |4 0  |6 109_000000000000000_VIL_1963  |7 0  |8 A  |9 413402  |a BIBHIS  |b BIBHIS  |d 2019-11-22  |i 4416848  |o 109 VIL 1963  |p 4416848  |r 2025-01-20  |w 2019-11-22  |y BK  |k HIS